Darsena - Milan City Dock

Salvato in:
Dettagli Bibliografici
Autore principale: Štrbka, Matej, 1990- (Autore)
Altri autori: Končeková, Danica, 1971- (Relatore della tesi)
Natura: Manoscritto Libro
Lingua:slovacco
Pubblicazione: Bratislava 2015
Soggetti:
Accesso online:http://is.stuba.sk/zp/portal_zp.pl?podrobnosti=112147
Tags: Aggiungi Tag
Nessun Tag, puoi essere il primo ad aggiungerne!!

MARC

LEADER 00000ntm a22000003a 4500
001 stuzp51781
003 SK-STU
005 20210308075613.9
007 ta
008 150427s2015----xo-----f-mn---000-0-slo-d
040 |a STU  |b slo 
041 0 |a slo 
100 1 |a Štrbka, Matej,  |d 1990-  |u 058180  |4 aut  |U FAD Fakulta architektúry a dizajnu  |U FAD Fakulta architektúry  |T FA Ústav architektúry občianskych budov  |X 68286  |U A8180  |Y 399  |7 A000068286 
242 0 1 |a Darsena - Milan City Dock  |y eng 
245 1 0 |a Darsena - Milan City Dock 
260 |c 2015  |a Bratislava 
650 4 |a Miláno  |2 slo 
650 4 |a Darsena del Naviglio  |2 slo 
650 4 |a kultúrny pavilón  |2 slo 
650 4 |a Darsena del Naviglio  |2 eng 
650 4 |a Milan  |2 eng 
650 4 |a cultural pavilion  |2 eng 
700 1 |a Končeková, Danica,  |d 1971-  |4 ths  |X 467  |7 A000000467 
856 4 |u http://is.stuba.sk/zp/portal_zp.pl?podrobnosti=112147  |u https://opac.crzp.sk/?fn=detailBiblioForm&sid=D6D76FDBEB5D0472D97DCDD57304 
SQL |a stuzp51781  |b DDP  |c SLO  |d Darsena - Milan City Dock  |e 68286  |f Štrbka, Matej  |g 058180  |h 467  |i Končeková, Danica  |j 20150604  |k 153  |l 05  |m http://is.stuba.sk/zp/portal_zp.pl?podrobnosti=112147  |n I-ARCH  |o 5.1.1. architektúra a urbanizmus